000 00449nam a2200181Ia 4500
001 18619
005 20260306171644.0
008 260306s9999||||xx |||||||||||||| ||und||
041 _aESP
082 _a658.4092
_bG53
100 _aGitlow, Howard S.
_eAUT
245 0 _aGuía de habilidades administrativas Lean Six Sigma
260 _c2014
300 _a182 páginas :
_c23 cm.
650 _aGEN
654 _aCAN
942 _cLIB
_dJUS
_fJUS
_2ddc
_n
999 _c18619
_d18619